00552cam a22001814a 4500008004100000020002200041100002400063245006900087260004300156300003500199440001600234500002000250630005100270700002200321003000100343005001700344040000900361  a0735612773 (pbk.)1 aHalvorson, Michael.10aMicrosoft Office XP /cMichael Halvorson [and] Michael J. Young. aWashington :bMicrosoft Press,cc2001. axl, 1582 p. :bill. ;c24 cm.  aInside out. aIncludes index.00aMicrosoft OfficevBusinessxComputer programs.1 aYoung, Michael J.20230123125038.0 cNUST